000 01464cam a2200241 4500
001 ABS66544
008 030313n2003 000 0 eng u
035 _a(Sirsi) u121622
100 _aAtkinson, P.
245 4 _aThe beginning of the end?
260 _c2003
490 _aEstates Gazette
_v(0309) 1 March 2003, 13(1)
520 _aExamines the proposed changes to the procedures for outline planning permissions as set out in the ODPM policy statement, "Sustainable communities: delivering through planning" and the Planning and Compulsory Purchase Bill. Government proposals include the introduction of 'statements of development principles', shortening the life of planning permissions and other consents and reducing the scope of applications under the Town and Country Planning Act 1990 s73. Highlights several advantages to the current system of outline planning permission as defined in the Town and Country Planning (General Development Procedure) Order 1995 and expresses concerns about the statements of development principles, such as their inflexibility. Concludes that the development industry will pay a price if the proposals go through.
590 _aABS
650 _aPLANNING AND COMPULSORY PURCHASE ACT 2004
650 _aDEVELOPMENT INDUSTRY
650 _aPLANNING REFORM
650 _aSTATEMENTS OF DEVELOPMENT PRINCIPLES
650 _aOUTLINE PLANNING PERMISSION
690 _aPLANNING
700 _aMartin, J.
942 _n0
999 _c72304
_d72304